| 000 | 00734nam a22002297a 4500 | ||
|---|---|---|---|
| 003 | OSt | ||
| 005 | 20250725014218.0 | ||
| 006 | a|||||r|||| 00| 0 | ||
| 008 | 241129b |||||||| |||| 00| 0 eng d | ||
| 020 | _a9781647266998 | ||
| 040 |
_aOC _cDWCL-Main Lib. |
||
| 082 | _aRes. 004.6782 R452b 2024 | ||
| 100 | _aRevere, Sam | ||
| 245 |
_aBasic of cloud computing/ _cSam Revere |
||
| 260 |
_aNew York : _bClanrye International, _cc2024. |
||
| 300 |
_avii, 227 pages : _bcolor illustrations ; _c26 cm. |
||
| 504 | _aIncludes bibliographical references and index. | ||
| 650 | _a1. Cloud computing | ||
| 650 | _a2. Electronic data processing--distributed processing | ||
| 650 | _a3. Web services | ||
| 942 |
_2ddc _cBK-0 CIRC _kRes. _n0 |
||
| 999 |
_c3101 _d3101 |
||